000 00537nam a2200181Ia 4500
999 _c16651
_d16651
003 OSt
005 20200606115953.0
008 190216s9999||||xx |||||||||||||| ||und||
020 _a9788190694353
040 _cMESKC library
082 _a891.43
_bVIT/M
100 _aVidool, Chaple Sainath
_9318
245 0 _aMithak Ka Kavyathmak Aagyayan /
_cChaple Sainath Vidool
260 _bShilpayan Publications,
_c2009.
_aDelhi:
300 _a120p
650 _aHindi
942 _cBK
_2ddc
_h891.43
_iVIT/M
_k891.43
_mVIT/M